000 00471nam a2200181Ia 4500
008 151202s9999||||xx |||||||||||||| ||und||
082 _bPNVM-24013
100 _aनांगरे बलराम.
245 _aअपंगा.
260 _b---
260 _c0
300 _a0
600 _aनांगरे बलराम.
630 _aअपंगा.
700 _aनांगरे बलराम.
730 _aअपंगा.
942 _cBOOK
999 _c1289988
_d1289985